|
|
|
|
| LEADER |
00000cam a2200000 7i4500 |
| 001 |
0000030728 |
| 005 |
20031203093000.0 |
| 008 |
021119s1992 |
| 020 |
|
|
|a 9679400468
|
| 090 |
0 |
0 |
|a BF637.C6
|b S6 1992
|
| 100 |
0 |
|
|a Siti Zalikhah Mohd Nor ,
|e author
|
| 245 |
0 |
0 |
|a Kaunseling perkahwinan menurut Islam
|c Siti Zalikhah Md. Nor
|
| 260 |
2 |
|
|a Petaling Jaya :
|b Budaya Ilmu ,
|c 1992
|
| 300 |
|
|
|a vii, 66 sm. ;
|c 21 sm.
|
| 650 |
|
0 |
|a Counseling
|
| 650 |
|
0 |
|a Marriage counseling
|
| 999 |
|
|
|a 1000057611
|b Book
|c OPEN SHELF (30 DAYS)
|e Gong Badak Campus
|
| 999 |
|
|
|a 1000057612
|b Book
|c OPEN SHELF (30 DAYS)
|e Gong Badak Campus
|